000 00397nam a2200133Ia 4500
008 220217s9999 xx 000 0 und d
245 0 _aSpecification for water hose of rubber, high pressure, with woven reinforcement. (Revised)
260 _aNew Delhi
260 _c1964
_bISI
490 _aHoses Subcommitte, CDC 6:3
500 _aStandard number: Is 445
650 _aRubber hose
942 _cST
999 _c73784
_d73784